| 000 | 00531nam a22001337a 4500 | ||
|---|---|---|---|
| 040 | _cRUA | ||
| 082 | _aAGR ING B535 2015 Or. | ||
| 100 | _aING BORA; អីុង បូរ៉ា | ||
| 245 | _aPerformance of irrigated early lowland rice; សំដែងកម្មនៃស្រឡាយស្រូវស្រាលនៅក្នុងលក្ខខណ្ឌស្រែទំនាបស្រោចស្រព | ||
| 260 |
_aRUA _bPhnom Penh _c2015 |
||
| 300 |
_aix; 40p. _bill. _c29cm. |
||
| 856 | _uING BORA | ||
| 942 | _cAGR | ||
| 999 |
_c10990 _d10990 |
||